000 00807nab a22002417a 4500
001 18188
003 HDC
007 cr bn ---aaaaa
008 210128c99999999my ||||o |||| 00| 00eng d
040 _aHDC
100 _aKhalil Adis,
_eauthor
_917179
245 0 _aSetting Its Sight To Be World's Leading Halal Food Manufacturing Centre - Part One /
_cKhalil Adis
336 _atext
_2rdacontent
337 _acomputer
_2rdamedia
338 _aonline resource
_2rdacarrier
650 _aEconomic
_9313
650 _aManufacturing
_96813
710 _aThe Iskandarian
856 _zRequest full-text at [email protected]
942 _2lcc
942 _cNEWS
942 _kNWSO 007540
999 _c15504
_d15504